000 00376cam a22001217a 4500
008 180718b2012 xxu||||| |||| 00| 0 eng d
082 _aZ211x54 Si64
100 _aSingh, Sunita and Subhalaxmi
245 _aMedicinal Plants of India
_cby Sunita Singh and Subhalaxmi
260 _aNew Delhi
_bGyan Publishing House
_c2012
300 _a245p.
650 _aMedicinal plants -- India
999 _c502756
_d502756